[Event "KAERNTNER SCHACHSOMMER 2013 22. int. Op"]
[Site "Feffernitz"]
[Date "2013.08.24"]
[Round "8"]
[White "Fitzke, Ulrich"]
[Black "Frey, Armin"]
[Result "0-1"]
[WhiteElo "1992"]
[BlackElo "1981"]
[PlyCount "106"]
[EventDate "2013.08.18"]
[EventRounds "9"]
[EventCountry "AUT"]
[SourceDate "2005.09.12"]

1. d4 e6 2. c4 f5 3. Nc3 Bb4 4. Bd2 Nf6 5. Nf3 O-O 6. e3 Bxc3 7. Bxc3 Ne4 8.
Rc1 d6 9. Bd3 Nd7 10. O-O Qe8 11. Qc2 Qg6 12. Nd2 Nxc3 13. Qxc3 e5 14. dxe5
dxe5 15. f3 Nc5 16. Bb1 Qf6 17. b4 Nd7 18. c5 b5 19. cxb6 Nxb6 20. e4 Qd6 21.
Rfd1 Ba6 22. Nb3 Qe7 23. Nc5 Bc4 24. exf5 a5 25. a3 Kh8 26. Be4 axb4 27. axb4
Rab8 28. Qc2 Bg8 29. Bc6 Nc4 30. Rd7 Qg5 31. Be4 Rxb4 32. Nd3 Rb6 33. Rxc7 Nd6
34. Nxe5 Nxf5 35. Bxf5 Qe3+ 36. Kh1 Qxe5 37. Be4 Rh6 38. h3 Be6 39. Qc5 Qf4 40.
Qe7 Rg8 41. R1c6 Qe5 42. Rc5 Qa1+ 43. Kh2 Bxh3 44. gxh3 Qf1 45. h4 Qf2+ 46. Kh3
Qf1+ 47. Kg4 Qg2+ 48. Kf4 Qd2+ 49. Kf5 Rf6+ 50. Ke5 Qb2+ 51. Rc3 Rff8 52. Kd4
Rd8+ 53. Ke3 Qd2# 0-1

[Event "KAERNTNER SCHACHSOMMER 2013 22. int. Op"]
[Site "Feffernitz"]
[Date "2013.08.24"]
[Round "8"]
[White "Panada, Valter"]
[Black "Pacher, Simon"]
[Result "1/2-1/2"]
[WhiteElo "1838"]
[BlackElo "2056"]
[PlyCount "60"]
[EventDate "2013.08.18"]
[EventRounds "9"]
[EventCountry "AUT"]
[SourceDate "2005.09.12"]

1. e4 c5 2. Nf3 a6 3. d4 cxd4 4. Nxd4 d6 5. Nc3 e6 6. Be2 Nf6 7. O-O Be7 8. Be3
b5 9. a3 Bb7 10. Bd3 Nbd7 11. f4 O-O 12. Qf3 Re8 13. Rae1 Rc8 14. Bf2 Bf8 15.
Qd1 Qc7 16. Qe2 Nc5 17. e5 Nxd3 18. cxd3 Nd7 19. Nf3 dxe5 20. fxe5 Bxa3 21.
Nxb5 axb5 22. bxa3 Qa5 23. Ng5 Nxe5 24. Qh5 h6 25. Rxe5 hxg5 26. Rxg5 Qc3 27.
Be3 f5 28. Rg3 Qb2 29. Bh6 Qd4+ 30. Be3 Qb2 1/2-1/2

[Event "KAERNTNER SCHACHSOMMER 2013 22. int. Op"]
[Site "Feffernitz"]
[Date "2013.08.24"]
[Round "8"]
[White "Barucco, Mattia"]
[Black "Hoegl, Emanuel"]
[Result "1-0"]
[WhiteElo "2006"]
[BlackElo "1844"]
[PlyCount "141"]
[EventDate "2013.08.18"]
[EventRounds "9"]
[EventCountry "AUT"]
[SourceDate "2005.09.12"]

1. e4 c6 2. d4 d5 3. exd5 cxd5 4. Bd3 Nf6 5. c3 Nc6 6. Bf4 e6 7. Nf3 Bd6 8.
Bxd6 Qxd6 9. O-O O-O 10. Qe2 Re8 11. Ne5 a6 12. Nd2 b5 13. b4 Qc7 14. f4 Ne7
15. Rac1 Ng6 16. Nb3 Nd7 17. Qe3 Ndf8 18. Rf3 f6 19. Bxg6 Nxg6 20. Nxg6 hxg6
21. Qd3 Qf7 22. Rg3 f5 23. Rg5 Rf8 24. Qg3 Kh7 25. a3 Qe8 26. Nc5 Rf6 27. Nd3
Bb7 28. Ne5 Rc8 29. h4 Rc7 30. Qh3 Kg8 31. Kf2 Bc6 32. h5 gxh5 33. Rxh5 Rh6 34.
Rxh6 gxh6 35. Qxh6 Rh7 36. Qg5+ Rg7 37. Qh6 Rh7 38. Qg6+ Qxg6 39. Nxg6 Be8 40.
Ne5 Rh5 41. Kg3 Rh7 42. Nd3 Bd7 43. Nc5 Bc8 44. Ra1 Rc7 45. Rh1 Kg7 46. Ra1 Kg8
47. a4 bxa4 48. Rxa4 Rc6 49. Ra5 Rc7 50. Na4 Bd7 51. Nc5 Bc8 52. Kf2 Kf7 53.
Na4 Bd7 54. Rc5 Rb7 55. Nb2 Kf6 56. Nd3 Bb5 57. Ne5 Bd7 58. Nf3 Ra7 59. Ke3 Rb7
60. Ng5 Ra7 61. Ra5 Bb5 62. Ra1 Rc7 63. Kd2 Rc8 64. Rh1 Rc6 65. Rh6+ Ke7 66.
Rg6 Rb6 67. g4 fxg4 68. f5 Bd7 69. f6+ Kf8 70. f7 Ke7 71. Rg8 1-0

[Event "KAERNTNER SCHACHSOMMER 2013 22. int. Op"]
[Site "Feffernitz"]
[Date "2013.08.24"]
[Round "8"]
[White "Martin, Heinz"]
[Black "Raschun, Gerhard"]
[Result "1/2-1/2"]
[WhiteElo "1789"]
[BlackElo "1983"]
[PlyCount "80"]
[EventDate "2013.08.18"]
[EventRounds "9"]
[EventCountry "AUT"]
[SourceDate "2005.09.12"]

1. e4 e6 2. Qe2 c5 3. f4 Nc6 4. c3 Be7 5. Nf3 Nf6 6. g3 d5 7. d3 O-O 8. Bg2 b6
9. O-O Ba6 10. e5 Nd7 11. b3 Rc8 12. Rd1 Qc7 13. Bb2 Rfe8 14. Qf2 Rcd8 15. d4
cxd4 16. Nxd4 Nc5 17. Qe3 Nxd4 18. cxd4 Ne4 19. Rc1 Qd7 20. Nd2 f5 21. exf6
Nxf6 22. Bh3 Bb4 23. Nf3 Ne4 24. a3 Bd6 25. Nd2 Bb7 26. Nxe4 dxe4 27. Bg2 Qb5
28. Bf1 Qf5 29. b4 Bd5 30. Bb5 Re7 31. Rc2 Qg4 32. Be2 Qf5 33. Rac1 Qf8 34. Bf1
Qf5 35. Rc8 Ree8 36. Rxd8 Rxd8 37. Bg2 Kf7 38. Rc2 a5 39. b5 Qg4 40. Rc1 Qf5
1/2-1/2

[Event "KAERNTNER SCHACHSOMMER 2013 22. int. Op"]
[Site "Feffernitz"]
[Date "2013.08.24"]
[Round "8"]
[White "Cattaneo, Ugo"]
[Black "Hefner, Felix"]
[Result "0-1"]
[WhiteElo "1839"]
[BlackElo "1923"]
[PlyCount "56"]
[EventDate "2013.08.18"]
[EventRounds "9"]
[EventCountry "AUT"]
[SourceDate "2005.09.12"]

1. e4 d6 2. d4 g6 3. Nc3 Bg7 4. Nf3 a6 5. Be2 Nd7 6. Be3 e6 7. Qd2 h6 8. O-O b5
9. a3 Bb7 10. Rad1 Ngf6 11. d5 e5 12. h3 g5 13. Nh2 Nf8 14. Rfe1 Ng6 15. g3 Qd7
16. Bf1 Nh5 17. b4 Nhf4 18. gxf4 gxf4 19. Bxf4 Nxf4 20. Re3 Bf6 21. Ne2 Bg5 22.
Nxf4 Bxf4 23. Qe2 Bxe3 24. Qxe3 f5 25. f4 Qg7+ 26. Kf2 Rg8 27. Nf3 Qg3+ 28. Ke2
exf4 0-1

[Event "KAERNTNER SCHACHSOMMER 2013 22. int. Op"]
[Site "Feffernitz"]
[Date "2013.08.25"]
[Round "9"]
[White "Mazi, Leon"]
[Black "Stopa, Jacek"]
[Result "0-1"]
[WhiteElo "2368"]
[BlackElo "2491"]
[PlyCount "112"]
[EventDate "2013.08.18"]
[EventRounds "9"]
[EventCountry "AUT"]
[SourceDate "2005.09.12"]

1. e4 e5 2. Nf3 Nc6 3. Bb5 Nf6 4. d3 Bc5 5. c3 d6 6. d4 exd4 7. cxd4 Bb4+ 8.
Bd2 Bxd2+ 9. Nbxd2 O-O 10. O-O Ne7 11. Re1 c6 12. Bd3 Ng6 13. Rc1 Re8 14. Rc3
Nh5 15. Bc2 Nhf4 16. Rce3 Qd7 17. Kh1 Qg4 18. Rg1 Qh5 19. Nf1 Bg4 20. Ng3 Qh6
21. Qc1 Nf8 22. Rf1 Nd7 23. Ng1 Nf6 24. e5 N6d5 25. Re4 dxe5 26. dxe5 Be6 27.
N3e2 g5 28. Ng3 Kh8 29. Nf3 Ne7 30. Nxg5 Qxg5 31. Qxf4 Qxf4 32. Rxf4 Red8 33.
Ne4 Ng6 34. Rf6 Nxe5 35. Ng5 Bd5 36. h3 Kg7 37. Rf4 Re8 38. Re1 Ng6 39. Rxe8
Rxe8 40. Rb4 b5 41. Bb3 a5 42. Rd4 Bxb3 43. axb3 Re2 44. Rd7 Ne5 45. Ra7 Rxf2
46. Rxa5 Rxb2 47. Ra3 Re2 48. Kg1 Kg6 49. Kf1 Re3 50. Kf2 Rd3 51. Ne4 Kf5 52.
Ng3+ Kf4 53. Nh5+ Ke4 54. Nf6+ Kf5 55. Nh5 h6 56. g4+ Kg5 0-1

[Event "KAERNTNER SCHACHSOMMER 2013 22. int. Op"]
[Site "Feffernitz"]
[Date "2013.08.25"]
[Round "9"]
[White "Malakhatko, Vadim"]
[Black "Kosmac, Blaz"]
[Result "1-0"]
[WhiteElo "2525"]
[BlackElo "2209"]
[PlyCount "65"]
[EventDate "2013.08.18"]
[EventRounds "9"]
[EventCountry "AUT"]
[SourceDate "2005.09.12"]

1. d4 Nf6 2. c4 c5 3. d5 e5 4. Nc3 d6 5. e4 Be7 6. g3 O-O 7. Bg2 Nbd7 8. Nf3 a6
9. a4 Ne8 10. O-O g6 11. Ne1 Ng7 12. Nd3 f5 13. Bd2 fxe4 14. Nxe4 Nf6 15. Bh6
Nxe4 16. Bxe4 Bg5 17. Bxg7 Kxg7 18. a5 h5 19. Qe2 h4 20. b4 cxb4 21. Rfb1 hxg3
22. hxg3 Bf5 23. Rxb4 Rf7 24. Rb6 Qd7 25. c5 Be7 26. Rab1 Rh8 27. Rxb7 Bxe4 28.
Qxe4 Qh3 29. cxd6 Qh2+ 30. Kf1 Qh1+ 31. Qxh1 Rxh1+ 32. Kg2 Rh8 33. dxe7 1-0

[Event "KAERNTNER SCHACHSOMMER 2013 22. int. Op"]
[Site "Feffernitz"]
[Date "2013.08.25"]
[Round "9"]
[White "Zozulia, Anna"]
[Black "Ivanov, Mikhail"]
[Result "1/2-1/2"]
[WhiteElo "2316"]
[BlackElo "2390"]
[PlyCount "59"]
[EventDate "2013.08.18"]
[EventRounds "9"]
[EventCountry "AUT"]
[SourceDate "2005.09.12"]

1. e4 e5 2. Nf3 d6 3. d4 exd4 4. Nxd4 Nf6 5. Nc3 Be7 6. Be2 O-O 7. O-O a6 8. a4
c5 9. Nf3 Nc6 10. h3 Re8 11. Re1 h6 12. Bf4 Be6 13. e5 dxe5 14. Nxe5 Qxd1 15.
Raxd1 Nb4 16. Rd2 Rad8 17. Red1 Rxd2 18. Rxd2 g5 19. Bh2 Bf8 20. Kf1 Bg7 21.
Nc4 Nbd5 22. Nxd5 Nxd5 23. Nd6 Rd8 24. Bf3 Nb4 25. Ne4 Rxd2 26. Nxd2 b5 27.
axb5 axb5 28. Nb3 c4 29. Nd4 Kf8 30. c3 1/2-1/2

[Event "KAERNTNER SCHACHSOMMER 2013 22. int. Op"]
[Site "Feffernitz"]
[Date "2013.08.25"]
[Round "9"]
[White "Praznik, Anton"]
[Black "Kesik, Klaus-Dieter"]
[Result "0-1"]
[WhiteElo "2154"]
[BlackElo "2233"]
[PlyCount "94"]
[EventDate "2013.08.18"]
[EventRounds "9"]
[EventCountry "AUT"]
[SourceDate "2005.09.12"]

1. e4 Nf6 2. e5 Nd5 3. d4 d6 4. Nf3 g6 5. Bc4 Nb6 6. Bb3 Bg7 7. Ng5 d5 8. f4
O-O 9. O-O f6 10. Nf3 Bg4 11. Nbd2 a5 12. a4 Na6 13. h3 Bxf3 14. Nxf3 c5 15. c3
fxe5 16. fxe5 e6 17. Bg5 Qd7 18. Qe2 cxd4 19. cxd4 Nb4 20. Bf6 Nc6 21. Bxg7
Kxg7 22. Qb5 Nc8 23. Ng5 N8e7 24. Bc2 h6 25. Nf3 Rf7 26. Nh2 Nf5 27. Bxf5 gxf5
28. Rf4 Qe7 29. Raf1 Raf8 30. Qe2 Kh8 31. Qf2 Qg5 32. Kh1 Ne7 33. h4 Qg6 34. g4
Rg8 35. Rg1 Rfg7 36. Qe2 Qe8 37. Qd2 Qxa4 38. Rgf1 Kh7 39. Qd3 Qc4 40. Qe3 Qc2
41. Rc1 Qxb2 42. Rf2 Qb5 43. Rc5 Qb1+ 44. Rf1 Qe4+ 45. Qxe4 dxe4 46. Rxa5 fxg4
47. Rg1 g3 0-1

[Event "KAERNTNER SCHACHSOMMER 2013 22. int. Op"]
[Site "Feffernitz"]
[Date "2013.08.25"]
[Round "9"]
[White "Becker, Matthias"]
[Black "Arztmann, Wolfgang"]
[Result "1/2-1/2"]
[WhiteElo "2152"]
[BlackElo "2193"]
[PlyCount "97"]
[EventDate "2013.08.18"]
[EventRounds "9"]
[EventCountry "AUT"]
[SourceDate "2005.09.12"]

1. e4 e5 2. Nf3 Nc6 3. Bc4 Bc5 4. c3 Nf6 5. d3 a6 6. Bb3 Ba7 7. h3 d6 8. Nbd2
Be6 9. Nf1 Bxb3 10. axb3 h6 11. Ng3 O-O 12. O-O Re8 13. Qe2 Qd7 14. Nh4 d5 15.
Qf3 Qe6 16. Nhf5 dxe4 17. dxe4 Ne7 18. Nxe7+ Rxe7 19. Nf5 Rd7 20. Bxh6 Ne8 21.
Qg3 Qg6 22. Be3 Qxg3 23. fxg3 Bxe3+ 24. Nxe3 Nf6 25. Nc4 Nxe4 26. Rfe1 Nxg3 27.
Rxe5 f6 28. Re3 Nf5 29. Re2 Rad8 30. Rae1 Rd1 31. Kf2 Rxe1 32. Rxe1 Kf7 33. g4
Nd6 34. Na5 Re8 35. Rxe8 Kxe8 36. h4 Kd7 37. Nc4 Nxc4 38. bxc4 Kd6 39. h5 a5
40. b3 c6 41. Ke3 b6 42. Kd4 Ke6 43. Ke4 b5 44. cxb5 cxb5 45. Kd4 Kd6 46. b4 a4
47. c4 Kc6 48. c5 Kd7 49. Kc3 1/2-1/2

[Event "KAERNTNER SCHACHSOMMER 2013 22. int. Op"]
[Site "Feffernitz"]
[Date "2013.08.25"]
[Round "9"]
[White "Koefeler, Christian"]
[Black "Praznik, Niko"]
[Result "0-1"]
[WhiteElo "2015"]
[BlackElo "2347"]
[PlyCount "98"]
[EventDate "2013.08.18"]
[EventRounds "9"]
[EventCountry "AUT"]
[SourceDate "2005.09.12"]

1. e4 e6 2. d4 d5 3. exd5 exd5 4. Bd3 Nc6 5. c3 Bd6 6. Qf3 Nge7 7. Ne2 Be6 8.
Bf4 Qd7 9. Bxd6 Qxd6 10. Qg3 O-O-O 11. Qxd6 Rxd6 12. Nd2 Bf5 13. Bxf5+ Nxf5 14.
O-O-O Re8 15. Nf4 g5 16. Nd3 Rde6 17. Rde1 b6 18. Rxe6 Rxe6 19. Re1 Rxe1+ 20.
Nxe1 Kd7 21. Nd3 f6 22. g4 Nh4 23. f4 h6 24. Kd1 Ne7 25. fxg5 hxg5 26. Ke2 Kd6
27. b4 Nc6 28. Nf3 Nxf3 29. Kxf3 a5 30. a3 axb4 31. axb4 Na7 32. Ke3 Nb5 33.
Kd2 Ke6 34. h3 f5 35. gxf5+ Kxf5 36. Ne5 Kf4 37. Nc6 Kg3 38. Ne7 Kxh3 39. Nxd5
g4 40. Ne3 g3 41. Kd3 g2 42. Nxg2 Kxg2 43. c4 Na3 44. d5 Kf3 45. c5 b5 46. d6
cxd6 47. cxd6 Nc4 48. Kd4 Nxd6 49. Kc5 Ke3 0-1

[Event "KAERNTNER SCHACHSOMMER 2013 22. int. Op"]
[Site "Feffernitz"]
[Date "2013.08.25"]
[Round "9"]
[White "Strobel, Matthias"]
[Black "Schuhmacher, Jakob"]
[Result "0-1"]
[WhiteElo "2096"]
[BlackElo "1990"]
[PlyCount "98"]
[EventDate "2013.08.18"]
[EventRounds "9"]
[EventCountry "AUT"]
[SourceDate "2005.09.12"]

1. d4 Nf6 2. Nf3 e6 3. Bf4 b6 4. e3 Bb7 5. Bd3 Be7 6. Nbd2 d6 7. h3 Nbd7 8. c3
O-O 9. e4 c5 10. Bh2 a6 11. O-O b5 12. Qb1 h6 13. e5 dxe5 14. dxe5 Nd5 15. c4
Nb4 16. Be4 Bxe4 17. Qxe4 Nb6 18. Rfd1 Qc7 19. a3 Nc6 20. cxb5 axb5 21. Qg4 Ra4
22. Qg3 Nd4 23. Nxd4 Rxd4 24. Qb3 Rfd8 25. Nf3 Rxd1+ 26. Rxd1 c4 27. Qc2 Rxd1+
28. Qxd1 Qd8 29. Qxd8+ Bxd8 30. Bf4 Na4 31. Bc1 Bb6 32. Kf1 Kf8 33. h4 Ke7 34.
h5 Bc7 35. Ke2 Nc5 36. Be3 Nd3 37. b3 Nxe5 38. Nxe5 Bxe5 39. bxc4 bxc4 40. a4
Kd7 41. a5 Kc6 42. a6 Bb2 43. g4 e5 44. f4 exf4 45. Bf2 g5 46. Bc5 Bc1 47. Bf8
Be3 48. Bxh6 c3 49. Bxg5 c2 0-1

[Event "KAERNTNER SCHACHSOMMER 2013 22. int. Op"]
[Site "Feffernitz"]
[Date "2013.08.25"]
[Round "9"]
[White "Pregl, Walter"]
[Black "Kock, Hans-Uwe"]
[Result "1-0"]
[WhiteElo "2042"]
[BlackElo "1980"]
[PlyCount "71"]
[EventDate "2013.08.18"]
[EventRounds "9"]
[EventCountry "AUT"]
[SourceDate "2005.09.12"]

1. Nf3 Nf6 2. g3 g6 3. Bg2 Bg7 4. d3 d6 5. e4 c5 6. Nbd2 Nc6 7. c3 O-O 8. O-O
e5 9. Nh4 Ne8 10. Nc4 Be6 11. Ne3 Bf6 12. Nf3 Bg7 13. Nd5 f6 14. d4 cxd4 15.
cxd4 f5 16. dxe5 dxe5 17. Ng5 Bxd5 18. exd5 Nd4 19. Ne6 Nxe6 20. dxe6 Nd6 21.
Qb3 Kh8 22. Rd1 Qe7 23. Be3 Rfd8 24. Bc5 Bf8 25. Rd2 Qc7 26. Rc2 Rac8 27. Rac1
Qb8 28. Qe3 Rxc5 29. Rxc5 Ne4 30. Rc7 Rd1+ 31. Rxd1 Qxc7 32. Bxe4 fxe4 33. Qxe4
Bg7 34. Rd7 Qc1+ 35. Kg2 Qg5 36. e7 1-0

[Event "KAERNTNER SCHACHSOMMER 2013 22. int. Op"]
[Site "Feffernitz"]
[Date "2013.08.25"]
[Round "9"]
[White "Trampitsch, Hannes"]
[Black "Gebhardt, Christian"]
[Result "1/2-1/2"]
[WhiteElo "2037"]
[BlackElo "1798"]
[PlyCount "34"]
[EventDate "2013.08.18"]
[EventRounds "9"]
[EventCountry "AUT"]
[SourceDate "2005.09.12"]

1. e4 e6 2. d3 d5 3. Nd2 Nf6 4. Qe2 Be7 5. g3 b6 6. Bg2 Bb7 7. Ngf3 c5 8. O-O
Nc6 9. Rd1 Qc7 10. Nf1 dxe4 11. dxe4 Rd8 12. Rxd8+ Qxd8 13. c3 O-O 14. h3 Qc8
15. Qc2 Rd8 16. Bg5 Rd7 17. Bxf6 Bxf6 1/2-1/2

[Event "KAERNTNER SCHACHSOMMER 2013 22. int. Op"]
[Site "Feffernitz"]
[Date "2013.08.25"]
[Round "9"]
[White "Hefner, Felix"]
[Black "Eisenbeiser, Amadeus"]
[Result "0-1"]
[WhiteElo "1923"]
[BlackElo "2336"]
[PlyCount "93"]
[EventDate "2013.08.18"]
[EventRounds "9"]
[EventCountry "AUT"]
[SourceDate "2005.09.12"]

1. d4 Nf6 2. c4 c5 3. d5 g6 4. Nc3 d6 5. e4 Bg7 6. h3 O-O 7. Bd3 e6 8. Nf3 exd5
9. cxd5 b5 10. Bxb5 Nxe4 11. Nxe4 Qa5+ 12. Nc3 Bxc3+ 13. bxc3 Qxb5 14. Qe2 Qa4
15. O-O Ba6 16. Qd1 Qc4 17. Bh6 Re8 18. Re1 Nd7 19. Qd2 Nb6 20. Rxe8+ Rxe8 21.
Re1 Rxe1+ 22. Qxe1 Qe2 23. Bf4 Qxe1+ 24. Nxe1 Nc8 25. Nc2 Bc4 26. a3 Bxd5 27.
Ne3 Be6 28. Kf1 Kf8 29. Ke2 Ke7 30. Kd3 Kd7 31. Nf1 Kc6 32. Ne3 d5 33. Be5 Kb5
34. Kc2 Ka4 35. Kb2 Nb6 36. Bb8 d4 37. cxd4 cxd4 38. Nc2 Nc4+ 39. Kc1 Bd5 40.
g3 d3 41. Ne3 d2+ 42. Kc2 Be4+ 43. Kd1 Bf3+ 44. Kc2 Nxe3+ 45. Kxd2 Nc4+ 46. Kd3
Nxa3 47. Bxa7 0-1

[Event "KAERNTNER SCHACHSOMMER 2013 22. int. Op"]
[Site "Feffernitz"]
[Date "2013.08.25"]
[Round "9"]
[White "Arztmann, Nils"]
[Black "Barucco, Mattia"]
[Result "1/2-1/2"]
[WhiteElo "1877"]
[BlackElo "2006"]
[PlyCount "72"]
[EventDate "2013.08.18"]
[EventRounds "9"]
[EventCountry "AUT"]
[SourceDate "2005.09.12"]

1. e4 e6 2. d4 d5 3. Nc3 Nf6 4. e5 Nfd7 5. f4 c5 6. Nf3 Nc6 7. Be3 a6 8. Qd2 b5
9. dxc5 Bxc5 10. Ne2 Bb7 11. Bxc5 Nxc5 12. Ned4 Ne4 13. Qe3 Qb6 14. Bd3 Nxd4
15. Qxd4 Qxd4 16. Nxd4 O-O 17. O-O Rfc8 18. c3 Nd2 19. Rf2 Nc4 20. g4 Bc6 21.
Bxc4 dxc4 22. Nxc6 Rxc6 23. Rd1 Kf8 24. Rd7 Ke8 25. Rfd2 Rcc8 26. Kf2 Rd8 27.
R7d6 Rxd6 28. Rxd6 Rd8 29. Rxa6 Rd2+ 30. Ke3 Rxb2 31. Ra8+ Ke7 32. Ra7+ Ke8 33.
Kd4 Rxh2 34. Ra8+ Ke7 35. Ra7+ Ke8 36. Ra8+ Ke7 1/2-1/2

[Event "KAERNTNER SCHACHSOMMER 2013 22. int. Op"]
[Site "Feffernitz"]
[Date "2013.08.25"]
[Round "9"]
[White "Hofer, Christian"]
[Black "Eisenbeiser, Karlheinz"]
[Result "0-1"]
[WhiteElo "1898"]
[BlackElo "2000"]
[PlyCount "134"]
[EventDate "2013.08.18"]
[EventRounds "9"]
[EventCountry "AUT"]
[SourceDate "2005.09.12"]

1. d4 d6 2. Nf3 g6 3. g3 Bg7 4. c4 e6 5. Bg2 Ne7 6. O-O O-O 7. Nc3 h6 8. e4 Nd7
9. Be3 a6 10. Qc1 Kh7 11. Nd2 f5 12. f4 fxe4 13. Bxe4 Nf5 14. Nf3 Nf6 15. Bxf5
exf5 16. Re1 d5 17. c5 Ne4 18. Ne5 Be6 19. Qc2 Bf6 20. Rf1 Kg7 21. Qb3 Rb8 22.
Rae1 c6 23. Kg2 Qe7 24. Qd1 Bf7 25. h4 Rbd8 26. Rh1 Rh8 27. Qf3 Be6 28. h5 Bxe5
29. fxe5 g5 30. Ref1 Rhf8 31. Bc1 Rf7 32. Ne2 Rdf8 33. Rhg1 Kh7 34. Kh2 Rg8 35.
Qd3 Kh8 36. Nc3 Rff8 37. Qd1 Qd7 38. a3 Qe8 39. Kg2 f4 40. Nxe4 dxe4 41. g4 e3
42. Kh2 Qd7 43. b4 Qd5 44. Re1 Rd8 45. Qc2 Qxd4 46. Rd1 Qc4 47. Qxc4 Bxc4 48.
Rd6 Rxd6 49. cxd6 Be6 50. Bb2 Rd8 51. Kg2 Kg8 52. Kf3 Bd5+ 53. Ke2 Kf7 54. Rc1
Rd7 55. Bd4 Ke6 56. Rc3 Rf7 57. Rc1 Be4 58. a4 b6 59. Bxb6 Kxe5 60. Bc5 Ke6 61.
a5 Kd7 62. Ra1 Rg7 63. Rc1 Rg8 64. Ra1 Re8 65. Rc1 Bd5 66. Rc3 Re4 67. Ke1 Be6
0-1

[Event "KAERNTNER SCHACHSOMMER 2013 22. int. Op"]
[Site "Feffernitz"]
[Date "2013.08.25"]
[Round "9"]
[White "Pacher, Simon"]
[Black "Wiesinger, Johann"]
[Result "1-0"]
[WhiteElo "2056"]
[BlackElo "1862"]
[PlyCount "77"]
[EventDate "2013.08.18"]
[EventRounds "9"]
[EventCountry "AUT"]
[SourceDate "2005.09.12"]

1. e4 e5 2. Nf3 Nc6 3. Bb5 a6 4. Ba4 Nf6 5. d3 d6 6. h3 b5 7. Bb3 Na5 8. Bd2
Nxb3 9. axb3 Bb7 10. c4 Be7 11. Nc3 c6 12. Ne2 O-O 13. Ng3 Nd7 14. Nf5 Nc5 15.
O-O Ne6 16. Be3 Bf6 17. d4 Qc7 18. Qc2 c5 19. dxe5 dxe5 20. cxb5 axb5 21. Rxa8
Rxa8 22. Rd1 Rc8 23. Nd6 Rd8 24. Nxb7 Rxd1+ 25. Qxd1 Qxb7 26. Qd6 h6 27. Nxe5
Qxe4 28. Qb8+ Kh7 29. Nxf7 Bxb2 30. Qh8+ Kg6 31. Qe8 Kh7 32. Qxb5 Bd4 33. Qc4
Nf4 34. Bxf4 Qxf4 35. Qc2+ Kg8 36. Nd8 Qd6 37. Qc4+ Kh7 38. Ne6 Qe7 39. Nxd4
1-0

[Event "KAERNTNER SCHACHSOMMER 2013 22. int. Op"]
[Site "Feffernitz"]
[Date "2013.08.25"]
[Round "9"]
[White "Knaller, Christoph"]
[Black "Panada, Valter"]
[Result "1-0"]
[WhiteElo "2005"]
[BlackElo "1838"]
[PlyCount "101"]
[EventDate "2013.08.18"]
[EventRounds "9"]
[EventCountry "AUT"]
[SourceDate "2005.09.12"]

1. e4 e5 2. Nf3 Nc6 3. Bb5 a6 4. Ba4 Nf6 5. O-O b5 6. Bb3 Be7 7. Re1 O-O 8. c3
d5 9. exd5 Nxd5 10. Nxe5 Nxe5 11. Rxe5 c6 12. d4 Bd6 13. Re1 Qh4 14. g3 Qh3 15.
Bxd5 cxd5 16. Qe2 Bg4 17. Qf1 Qh5 18. Nd2 Rae8 19. f3 Rxe1 20. Qxe1 Bxf3 21.
Nxf3 Qxf3 22. Bd2 Qg4 23. a4 b4 24. Qf2 Rb8 25. Re1 h5 26. Bf4 Qg6 27. Bxd6
Qxd6 28. Qf5 g6 29. Qe5 Qxe5 30. Rxe5 bxc3 31. bxc3 Rd8 32. Kf2 Kf8 33. Ke3 Rd6
34. Kd3 f6 35. Re2 Kf7 36. Rb2 Ke6 37. a5 Rc6 38. Rb7 f5 39. h4 Kf6 40. Rb6 Re6
41. c4 dxc4+ 42. Kxc4 Kf7 43. Rxe6 Kxe6 44. Kc5 g5 45. hxg5 f4 46. gxf4 h4 47.
d5+ Kf5 48. d6 h3 49. d7 h2 50. d8=Q h1=Q 51. Qd5+ 1-0

[Event "KAERNTNER SCHACHSOMMER 2013 22. int. Op"]
[Site "Feffernitz"]
[Date "2013.08.25"]
[Round "9"]
[White "Mostoegl, Konrad"]
[Black "Dieli, Riccardo"]
[Result "0-1"]
[WhiteElo "1997"]
[BlackElo "1853"]
[PlyCount "107"]
[EventDate "2013.08.18"]
[EventRounds "9"]
[EventCountry "AUT"]
[SourceDate "2005.09.12"]

1. c4 c5 2. Nf3 g6 3. e3 Bg7 4. Be2 Nf6 5. O-O O-O 6. Qc2 Nc6 7. a3 b6 8. b3
Bb7 9. Bb2 a6 10. d3 Qc7 11. Nbd2 d6 12. Rac1 e5 13. d4 cxd4 14. exd4 Rac8 15.
d5 Nd4 16. Bxd4 exd4 17. Nxd4 Nd7 18. N2f3 Bh6 19. Rcd1 b5 20. g3 bxc4 21. bxc4
Rfe8 22. Nb3 Re7 23. Bd3 Bxd5 24. cxd5 Qxc2 25. Bxc2 Rxc2 26. Nbd4 Rc3 27. a4
Re4 28. Rfe1 Nc5 29. a5 Kf8 30. Kg2 Bg7 31. Nc6 Rc2 32. Ng5 Rxe1 33. Rxe1 h6
34. Rb1 Rb2 35. Rxb2 Bxb2 36. Nf3 Ne4 37. Nb8 Bc3 38. Nxa6 Bxa5 39. Nd4 Bb6 40.
f3 Nf6 41. Nb5 Bc5 42. Nbc7 Ke7 43. g4 Bb6 44. h4 g5 45. f4 gxh4 46. Kh3 Kd7
47. Nb5 Nxd5 48. Kxh4 Kc6 49. Na3 Nxf4 50. Nb8+ Kb7 51. Nd7 Bd8+ 52. Kg3 Ng6
53. Nc4 Kc7 54. Nb8 0-1

[Event "KAERNTNER SCHACHSOMMER 2013 22. int. Op"]
[Site "Feffernitz"]
[Date "2013.08.25"]
[Round "9"]
[White "Belikan, Thomas"]
[Black "Fitzke, Ulrich"]
[Result "1/2-1/2"]
[WhiteElo "1819"]
[BlackElo "1992"]
[PlyCount "68"]
[EventDate "2013.08.18"]
[EventRounds "9"]
[EventCountry "AUT"]
[SourceDate "2005.09.12"]

1. e4 c5 2. Nf3 Nc6 3. Bb5 Qc7 4. O-O a6 5. Bxc6 Qxc6 6. Nc3 d6 7. d4 cxd4 8.
Nxd4 Qc7 9. Nd5 Qd8 10. c4 e6 11. Nc3 Be7 12. Be3 Nf6 13. Qe2 O-O 14. Rad1 Qc7
15. b3 Bd7 16. h3 Rac8 17. Rc1 Rfd8 18. Rfd1 h6 19. Kh1 Qb8 20. Qd3 Be8 21. Qb1
Rd7 22. a4 Rcd8 23. Nde2 b6 24. Bf4 Qb7 25. Ng3 Rc7 26. e5 dxe5 27. Bxe5 Rcc8
28. Rxd8 Rxd8 29. Rd1 Bc6 30. Rxd8+ Bxd8 31. f3 Nd7 32. Qd3 Bh4 33. Qd4 Nxe5
34. Qxe5 Bf6 1/2-1/2

[Event "I Trofeo Antica Scuola Napoletana"]
[Site "Napoli "]
[Date "2013.02.21"]
[Round "1"]
[White "Baltzopoulos, Giorgos"]
[Black "Messina, Enrico"]
[Result "0-1"]
[WhiteElo "1957"]
[BlackElo "2222"]
[PlyCount "98"]
[EventDate "2013.02.21"]
[EventType "swiss"]
[EventRounds "7"]
[EventCountry "ITA"]
[SourceDate "2005.09.12"]

1. d4 Nf6 2. c4 c5 3. d5 b5 4. Nf3 Qa5+ 5. Bd2 b4 6. Qc2 d6 7. e4 g6 8. h3 Bg7
9. Be2 Nxe4 10. Qxe4 Bxb2 11. a3 Bxa1 12. axb4 cxb4 13. Nd4 O-O 14. O-O Re8 15.
Be3 Bxd4 16. Bxd4 Nd7 17. Nd2 Nc5 18. Qh4 Qd8 19. f4 e5 20. Qxd8 Rxd8 21. fxe5
Na4 22. exd6 Nc3 23. Bd3 Bf5 24. Rxf5 gxf5 25. Bc5 Ne4 26. Bxb4 a5 27. Bxe4
axb4 28. Bxf5 Rxd6 29. Kf2 Ra3 30. Ne4 Rd8 31. c5 b3 32. c6 b2 33. c7 Rc8 34.
d6 b1=Q 35. Nf6+ Kg7 36. Bxb1 Kxf6 37. d7 Raa8 38. dxc8=Q Rxc8 39. Bxh7 Rxc7
40. g4 Kg5 41. Bd3 Kh4 42. Bf1 Rc3 43. Bg2 f6 44. Bf1 Kg5 45. Kg2 Kf4 46. Kh2
Rc2+ 47. Bg2 Ra2 48. Kg1 Kg3 49. Bf1 Ra1 0-1